| 000 | 00552nam a22001817a 4500 | ||
|---|---|---|---|
| 003 | OSt | ||
| 005 | 20260508051822.0 | ||
| 008 | 260428b |||||||| |||| 00| 0 eng d | ||
| 020 | _a971-8970-59-2. | ||
| 040 |
_aDWCL-Main Lib _cOC |
||
| 082 | _aRes. 398.9 Si39on 1999 | ||
| 100 | _aSilverio, Julio F. | ||
| 245 |
_a1,426 salawikain ng ating lahi / _cSilverio, Julio F. |
||
| 260 |
_aSilverio. Metro Manila : _bM & L Enterprises, _cc1999. |
||
| 300 |
_a180 p. ; _c18 cm. |
||
| 650 | _aProverbs - Filipino Language. | ||
| 942 |
_2ddc _cBK-0 CIRC _mRes. _n0 |
||
| 999 |
_c10009 _d10009 |
||